Tổ chức phi chính phủ Quốc tế quan hệ đối tác vì sự phát triển : Tổng quan về điều phối và chia sẻ thông tin thông qua diễn đàn các tổ chức phi chính phủ quốc tế và các nhóm làm việc năm 2008 = International NGO partnerships for development : An overview of information-sharing and co-ordination through the INGO working groups during 2008
This is the result from 20 sectors-specific Working Groups (WGs) operating under the NGO RC in 2008, including the newly established thematic groups under the Ho Chi Minh NGO Discussion group, each focusing on a specific area of development work in Vietnam.
محفوظ في:
| مؤلف مشترك: | |
|---|---|
| التنسيق: | كتاب |
| اللغة: | Undetermined |
| منشور في: |
Hà Nội
VUFO-NGO resource centre
2008
|
| الموضوعات: | |
| الوسوم: |
إضافة وسم
لا توجد وسوم, كن أول من يضع وسما على هذه التسجيلة!
|
| Thư viện lưu trữ: | Trung tâm Học liệu Trường Đại học Cần Thơ |
|---|
| LEADER | 01324nam a2200205Ia 4500 | ||
|---|---|---|---|
| 001 | CTU_142990 | ||
| 008 | 210402s9999 xx 000 0 und d | ||
| 082 | |a 334.0919 | ||
| 082 | |b V986 | ||
| 110 | |a VUFO-NGO resource centre | ||
| 245 | 0 | |a Tổ chức phi chính phủ Quốc tế quan hệ đối tác vì sự phát triển : | |
| 245 | 0 | |b Tổng quan về điều phối và chia sẻ thông tin thông qua diễn đàn các tổ chức phi chính phủ quốc tế và các nhóm làm việc năm 2008 = International NGO partnerships for development : An overview of information-sharing and co-ordination through the INGO working groups during 2008 | |
| 245 | 0 | |c VUFO-NGO resource centre | |
| 260 | |a Hà Nội | ||
| 260 | |b VUFO-NGO resource centre | ||
| 260 | |c 2008 | ||
| 520 | |a This is the result from 20 sectors-specific Working Groups (WGs) operating under the NGO RC in 2008, including the newly established thematic groups under the Ho Chi Minh NGO Discussion group, each focusing on a specific area of development work in Vietnam. | ||
| 650 | |a Non-governmental organizations,Rural development,Tổ chức phi chính phủ,Phát triển nông thôn | ||
| 904 | |i Trọng Hiếu | ||
| 980 | |a Trung tâm Học liệu Trường Đại học Cần Thơ | ||